LYKN songs - Statistics

General Stats
  • This quiz has been taken 4 times
  • The average score is 16 of 25
Answer Stats
Answer % Correct
ฉ่ำ (CHARM)
100%
ฉ่ำ (CHARM) (Japanese Version)
100%
All I Need
75%
ชอบก็บอก (Feel Like Me)
75%
ทัก (FIRST SIGHT)
75%
ถ้าเกิด (If Only)
75%
LYKYOU
75%
เลิกกับเขาเดี๋ยวเหงาเป็นเพื่อน (MAY I?)
75%
โลเล โยเย โมเม (No Way)
75%
โฮ่ง! (SUGOI)
75%
หยอกไม่หลอก (TRICK OR TREAT)
75%
UMM UMM
75%
หูดับ (WHO SAYS)
75%
จีบได้มั้ย (WOULD YOU MIND?)
75%
Fly High
50%
หน้าเบลอหลังชัด (Foreground)
50%
HUI LAY HUI
50%
I Know You Want Me
50%
แอบรักไม่ทำให้ใครตาย (NO WORRIES)
50%
แอบรักไม่ทำให้ใครตาย (NO WORRIES) (Japanese Version)
50%
ความรักไม่ได้น่ากลัวขนาดนั้น (TRUST ME)
50%
ล็อกมง (You Shine I Choose)
50%
น้ำหยดลงหิน (DRIP)
25%
ภาพสุดท้าย (Last Twilight)
25%
Last Christmas
0%
No matching quizzes found
Score Distribution
Percent of People with Each Score
Percentile by Number Answered
Your Score History
You have not taken this quiz